Nuevo misal de domingos y fiestas (Record no. 447198)
[ view plain ]
| 000 -CABECERA | |
|---|---|
| Campo de control de longitud fija | 00641nam a22002171 4500 |
| 001 - NÚMERO DE CONTROL | |
| Campo de control | 24761 |
| 003 - IDENTIFICADOR DEL NÚMERO DE CONTROL | |
| Campo de control | ES-SlBC |
| 005 - FECHA Y HORA DE LA ÚLTIMA TRANSACCIÓN | |
| Campo de control | 20210327223948.0 |
| 008 - CÓDIGOS DE INFORMACIÓN DE LONGITUD FIJA | |
| Campo de control de longitud fija | 950725s1971 sp spa |
| 016 7# - NÚMERO DE CONTROL DE UNA AGENCIA DE BIBLIOGRAFÍA NACIONAL | |
| Número de control del registro | bimoBNE19994994444 |
| Número de control cancelado/no válido | IND9500649784 |
| Fuente | SpMaBN |
| 017 ## - NÚMERO DE COPYRIGHT O DE DEPÓSITO LEGAL | |
| Número de copyright o de depósito legal | BI 2048-1971 |
| Agencia que asigna el número | Oficina Depósito Legal Vizcaya |
| 040 ## - FUENTE DE LA CATALOGACIÓN | |
| Centro catalogador del origen | SpMaBN |
| Lengua de catalogación | spa |
| Centro transcriptor | A2 |
| Centro modificador | ES-SlBC |
| 080 #0 - NÚMERO DE LA CLASIFICACIÓN DECIMAL UNIVERSAL | |
| Número de la Clasificación Decimal Universal | 264.02-12 |
| 110 2# - PUNTO DE ACCESO PRINCIPAL-NOMBRE DE ENTIDAD CORPORATIVA | |
| Nombre de entidad corporativa o nombre de jurisdicción como elemento inicial | Iglesia Católica |
| 9 (RLIN) | 1889 |
| 245 10 - MENCIÓN DE TÍTULO | |
| Título | Nuevo misal de domingos y fiestas |
| Resto del título | : (Ciclo A) |
| 260 0# - PUBLICACIÓN, DISTRIBUCIÓN, ETC... (PIE DE IMPRENTA) | |
| Lugar de publicación, distribución, etc. | [Bilbao] : |
| Nombre del editor, distribuidor, etc. | Edit. Cantabrica |
| Fecha de publicación, distribución, etc. | , [1971] |
| 300 ## - DESCRIPCIÓN FÍSICA | |
| Extensión | 494 p. ; |
| Dimensiones | 16 cm |
| 650 ## - PUNTO DE ACCESO ADICIONAL DE MATERIA-TÉRMINO DE MATERIA | |
| Término de materia o nombre geográfico como elemento inicial | Misales |
| 9 (RLIN) | 17908 |
| 655 #7 - TÉRMINO DE INDIZACIÓN-GÉNERO/FORMA | |
| Datos o término principal de género/forma | Misales |
| 9 (RLIN) | 17908 |
| 942 ## - ENTRADA DE ELEMENTOS AGREGADOS (KOHA) | |
| Fuente de clasificaión o esquema | |
| Koha [por defecto] tipo de item | Libros |
| Suprimido | Perdido | Fuente de clasificación o esquema | Estropeado | No para préstamo | Localización permanente | Localización actual | Localización en estantería | Fecha adquisición | Préstamos totales | Signatura completa | Número de Registro / Código de Barras | Fecha última consulta | Fecha del precio de reemplazo | Tipo de item de Koha |
|---|---|---|---|---|---|---|---|---|---|---|---|---|---|---|
| San Esteban | San Esteban | Depósito de libros | 20/09/2013 | 26421 NUEVO misal 1 | 24761 | 20/09/2013 | 20/09/2013 | Libros |
